Nauru Country Quiz - Statistics

General Stats
  • This quiz has been taken 33 times
  • The average score is 6 of 14
Answer Stats
Hint Answer % Correct
Official languages English
93%
Capital Yaren
87%
Ocean bordering Pacific Ocean
73%
Country that occupied it in 1944 Japan
67%
The most geographically closest country to Nauru Kiribati
63%
Official languages Nauruan
63%
Year of independence 1968
47%
What does the yellow stripe on the flag represent? Equator
30%
Currency Australian dollar
23%
Most popular sport Australian football
13%
Largest city Denigomodu
13%
And the 12 points in the star? 12 Original Tribes
7%
Nauru lived for the first time ... Micronesians
7%
Nauru lived for the first time ... Polynesians
7%
No matching quizzes found
Score Distribution
Percent of People with Each Score
Percentile by Number Answered
Your Score History
You have not taken this quiz